Τα Διεθνή Λογιστικά Πρότυπα με Απλά Λόγια και οι Διαφορές τους από τα Ελληνικά / Η Εργαλειοθήκη του Λογιστή και του Ελεγκτή για τα Διεθνή Λογιστικά Πρότυπα: Βιβλίο Πρώτο (Record no. 6343)
[ view plain ]
| 000 -LEADER | |
|---|---|
| fixed length control field | 02460cam a22001934a 4500 |
| 005 - ΗΜΕΡΟΜΗΝΙΑ ΚΑΙ ΩΡΑ ΤΕΛΕΥΤΑΙΑΣ ΕΝΗΜΕΡΩΣΗΣ | |
| Πεδίο ελέγχου | 20250605163532.0 |
| 008 - FIXED-LENGTH DATA ELEMENTS--GENERAL INFORMATION | |
| Πεδίο ελέγχου σταθερού μήκους | 250528s ||||||||||||||||||||||||d |
| 035 ## - SYSTEM CONTROL NUMBER | |
| System control number | 21278 |
| 020 ## - ISBN | |
| ISBN | 9789600351804 |
| 040 ## - ΠΗΓΗ ΚΑΤΑΛΟΓΟΓΡΑΦΗΣΗΣ | |
| Φορέας πρωτότυπης καταλογογράφησης | MC Athens Campus Library |
| Γλώσσα καταλογογράφησης | Ελληνικά, Μοντέρνα (1453-) |
| Modifying agency | MC Athens Campus Library |
| Κανόνες περιγραφικής καταλογογράφησης | AACR2 |
| 245 1# - ΤΙΤΛΟΣ ΚΑΙ ΔΗΛΩΣΗ ΥΠΕΥΘΥΝΟΤΗΤΑΣ | |
| Τίτλος | Τα Διεθνή Λογιστικά Πρότυπα με Απλά Λόγια και οι Διαφορές τους από τα Ελληνικά / Η Εργαλειοθήκη του Λογιστή και του Ελεγκτή για τα Διεθνή Λογιστικά Πρότυπα: Βιβλίο Πρώτο |
| 260 ## - PUBLICATION, DISTRIBUTION, ETC. | |
| Name of publisher, distributor, etc. | Καστανιώτη, |
| Date of publication, distribution, etc. | 2008 |
| 300 ## - PHYSICAL DESCRIPTION | |
| Extent | 618 |
| 520 ## - SUMMARY, ETC. | |
| Summary, etc. | Ένα εργαλείο αρχικής, γρήγορης και εύκολης κατανόησης των διεθνών λογιστικών προτύπων και των διαφορών τους από τα Ελληνικά πρότυπα, γραμμένο στη γλώσσα του λογιστή, και μια αφετηρία για βαθύτερη έρευνα. Εισαγωγή, Λογιστική και Λογιστές και Στερεότυπα, Κίνητρα και Δυνατότητες, Μεθοδολογία και Δομή, Αδυναμίες και Λάθη, Διεθνή Λογιστικά Πρότυπα, Αποθέματα, Καταστάσεις Ταμειακών Ροών, Συμβάσεις Κατασκευής Έργων, Φόροι Εισοδήματος, Ενσώματες Ακινητοποιήσεις, Μισθώσεις, Έσοδα, Παροχές σε Εργαζομένους,Κόστος Δανεισμού, Κέρδη κατά Μετοχή, Άυλα Περιουσιακά Στοιχεία, Επενδυτικά Ακίνητα, Γεωργία, Διεθνή Πρότυπα Χρηματοοικονομικής Πληροφόρησης, Συνενώσεις Επιχειρήσεων, Ασφαλιστήρια Συμβόλαια, Διερμηνείες, Λειτουργικές Μισθώσεις και Κίνητρα, Ουσία των Συναλλαγών που Σχετίζονται με το Νομικό Τύπο της Μίσθωσης, Οι Μετοχές Μελών σε Συνεταιριστικές Οικονομικές Οντότητες και Όμοια Μέσα, Επανεκτίμηση Ενσωματωμένων Παραγώγων. |
| 700 1# - ΠΡΟΣΘΕΤΗ ΑΝΑΓΡΑΦΗ--ΦΥΣΙΚΟ ΠΡΟΣΩΠΟ | |
| Personal name | Ντζανάτος Δημήτρης |
| 942 ## - ADDED ENTRY ELEMENTS (KOHA) | |
| Koha item type | Books |
| Τύπος τεκμηρίου | Βιβλιοθήκη | Τρέχουσα τοποθεσία | Barcode | Αριθμός εισαγωγής | Ημερομηνία απόκτησης | Ταξιθετικό σύμβολο | Αριθμός αντιτύπου | Κατάσταση απόσυρσης | Κατάσταση χαμένου | Κατάσταση κατεστραμμένου | Μη δανεισμός | Σύνολο δανεισμών | Ημερομηνία τελευταίας εμφάνισης | Η τιμή ισχύει από |
|---|---|---|---|---|---|---|---|---|---|---|---|---|---|---|
| Books | MC Athens Campus Library | MC Athens Campus Library | 9780000063427 | 5363 | 05/06/2025 | 657.0218 GAN | 1 | 05/06/2025 | 05/06/2025 |